| 000 | 00799nam a2200265 a 4500 | ||
|---|---|---|---|
| 999 |
_c2791 _d2791 |
||
| 006 | a||||go||d| 00| 0 | ||
| 007 | cr ||||||||||| | ||
| 008 | 861201s1992 enka o 001 0 eng d | ||
| 020 |
_a9780080410005 _c(ebook) |
||
| 040 |
_aKO _beng |
||
| 044 | _aenk | ||
| 082 | 0 | 0 |
_a628.16833 _220 |
| 100 | 1 | _aDoerffer, J. W. | |
| 245 | 1 | 0 |
_aOil spill response in the marine environment / _cJ.W. Doerffer. |
| 250 | _a1st ed. | ||
| 260 |
_aLondon : _bPergamon Press, _c1992. |
||
| 300 | _a1 online resource | ||
| 504 | _aIncludes bibliographical references (p. 373-382) and indexes. | ||
| 650 | 0 | _aOil pollution of the sea. | |
| 650 | 0 |
_aOil spills _xEnvironmental aspects. |
|
| 856 | 4 | 0 | _uhttps://www.sciencedirect.com/science/book/9780080410005 |
| 904 | _aA_BOSE | ||
| 942 | _cEB | ||